Entre la guerra y la paz: cinco preguntas y respuestas acerca de la situación política hondureña actual /
Salvato in:
| Autore principale: | |
|---|---|
| Altri autori: | |
| Natura: | testo |
| Pubblicazione: |
San José:
CSUCA
|
| Tags: |
Aggiungi Tag
Nessun Tag, puoi essere il primo ad aggiungerne!!
|
MARC
| LEADER | 00000 a a2200000 04500 | ||
|---|---|---|---|
| 001 | 20865 | ||
| 003 | |||
| 040 | |||
| 090 | |a 089300 | ||
| 100 | |a Buda Fonseca, Gautama | ||
| 245 | |a Entre la guerra y la paz: cinco preguntas y respuestas acerca de la situación política hondureña actual / |c Gautama Buda Fonseca | ||
| 260 | |a San José: |b CSUCA | ||
| 300 | |a 19 p. | ||
| 700 | |a Ramos, Ventura |a Custodio, Ramón |a Oqueli, Ramón |a Cid, Rafael del | ||
| 999 | |c 8186 |d 8186 | ||
